000 00549nam a22001457a 4500
003 MACL
005 20200110164755.0
008 200110b xxu||||| |||| 00| 0 eng d
040 _cMACL
100 _aश्रीधर प्रदीप
_954283
245 _aहिंदी का राष्‍ट्रीय एवं अंतरराष्‍ट्रीय परिदृश्‍य
260 _aगाजियाबाद
_bश्रुति बुक्‍स
_c2017
650 _aमीडिया
_977751
942 _2ddc
_cHIN
999 _c61740
_d61740